[Event "Liga Madrileña - DH 2016-2017"]
[Site "Madrid ESP"]
[Date "2017.02.26"]
[Round "11.11"]
[White "Moreno Ibanez, Miguel"]
[Black "Almagro Llamas, Pablo"]
[Result "0-1"]
[WhiteElo "2286"]
[BlackElo "2446"]
[PlyCount "80"]
[EventDate "2016.11.20"]
[EventType "team-tourn"]
[EventRounds "14"]
[EventCountry "ESP"]
[SourceTitle "Ajedrez en Madrid"]
[Source "lmi"]
[SourceDate "2016.11.20"]
[WhiteTeam "Pueblo Nuevo"]
[BlackTeam "Virgen de Atocha"]
[WhiteTeamCountry "ESP"]
[BlackTeamCountry "ESP"]

1. e4 c5 2. Nf3 Nc6 3. Bb5 e6 4. O-O Nge7 5. Re1 a6 6. Bf1 d6 7. c3 g6 8. d4
cxd4 9. cxd4 Bg7 10. Nc3 O-O 11. d5 exd5 12. exd5 Ne5 13. Nd4 Nf5 14. Nxf5 Bxf5
15. Be3 Rc8 16. Bd4 Qh4 17. Bb6 Rfe8 18. h3 h5 19. a3 Nd7 20. Rxe8+ Rxe8 21.
Be3 Rxe3 22. fxe3 Qg5 23. Qf3 Be5 24. Be2 Nf6 25. Kf1 Qh4 26. Rd1 Nh7 27. g4
Ng5 28. Qg2 Bd7 29. Rc1 Nxh3 30. Ne4 hxg4 31. Rc2 Bf5 32. Nd2 Qd8 33. Rc4 b5
34. Rc6 Qg5 35. Ke1 Qxe3 36. Nf1 Qd4 37. Rc3 Nf4 38. Qh1 Kg7 39. Ne3 Nd3+ 40.
Rxd3 Bxd3 0-1

[Event "Liga Madrileña - DH 2016-2017"]
[Site "Madrid ESP"]
[Date "2017.02.26"]
[Round "11.12"]
[White "Espinosa Aranda, Angel"]
[Black "Fernandez Lledo, Javier"]
[Result "1/2-1/2"]
[WhiteElo "2442"]
[BlackElo "2239"]
[PlyCount "157"]
[EventDate "2016.11.20"]
[EventType "team-tourn"]
[EventRounds "14"]
[EventCountry "ESP"]
[SourceTitle "Ajedrez en Madrid"]
[Source "lmi"]
[SourceDate "2016.11.20"]
[WhiteTeam "Virgen de Atocha"]
[BlackTeam "Pueblo Nuevo"]
[WhiteTeamCountry "ESP"]
[BlackTeamCountry "ESP"]

1. d4 Nf6 2. Bf4 e6 3. e3 c5 4. Nd2 Nc6 5. c3 cxd4 6. exd4 Nd5 7. Bg3 f5 8. Nh3
Qf6 9. Bc4 f4 10. Bxd5 fxg3 11. Bxc6 gxf2+ 12. Nxf2 bxc6 13. O-O Ba6 14. Ng4
Qg5 15. Ne4 Qb5 16. Qd2 Be7 17. Ne5 Qe2 18. Qxe2 Bxe2 19. Rf2 Bh5 20. Raf1 a5
21. Nf7 O-O 22. Ne5 Rxf2 23. Rxf2 Be8 24. Nd3 d6 25. a3 a4 26. Re2 Rb8 27. Nef2
Bf7 28. Nb4 Rc8 29. Nfd3 Bg5 30. Nf2 Be7 31. g3 c5 32. dxc5 Rxc5 33. Rd2 Rc4
34. Nd1 d5 35. Kg2 Bg6 36. Nf2 Kf8 37. Nbd3 Bd6 38. Re2 Ke7 39. h3 h5 40. Ne5
Bxe5 41. Rxe5 Kf6 42. Re1 e5 43. Nd1 d4 44. Kf2 Bf5 45. Rh1 Bc2 46. cxd4 exd4
47. Ke1 Ke5 48. Rh2 Bb3 49. Re2+ Kd5 50. Nf2 Rc1+ 51. Kd2 Rb1 52. Re8 Rxb2+ 53.
Ke1 Bc2 54. g4 Bg6 55. Rd8+ Kc4 56. Rd6 Bb1 57. gxh5 d3 58. h6 gxh6 59. Rxh6
Re2+ 60. Kf1 Re5 61. Rc6+ Kb3 62. Rb6+ Ka2 63. Nd1 Bc2 64. Nc3+ Kxa3 65. Rd6
Kb4 66. Na2+ Kc5 67. Rd8 Re3 68. h4 Rh3 69. Kf2 Rxh4 70. Ke3 Rh3+ 71. Kd2 Rh2+
72. Kc3 Bb3 73. Nb4 d2 74. Rxd2 Rh3+ 75. Rd3 Rh1 76. Rg3 Rc1+ 77. Kb2 Rd1 78.
Kc3 Rc1+ 79. Kb2 1/2-1/2

[Event "Liga Madrileña - DH 2016-2017"]
[Site "Madrid ESP"]
[Date "2017.02.26"]
[Round "11.13"]
[White "Baigorri Navarro, Francisco Javier"]
[Black "Plazuelo Pascual, Juan"]
[Result "1/2-1/2"]
[WhiteElo "2192"]
[BlackElo "2307"]
[PlyCount "58"]
[EventDate "2016.11.20"]
[EventType "team-tourn"]
[EventRounds "14"]
[EventCountry "ESP"]
[SourceTitle "Ajedrez en Madrid"]
[Source "lmi"]
[SourceDate "2016.11.20"]
[WhiteTeam "Pueblo Nuevo"]
[BlackTeam "Virgen de Atocha"]
[WhiteTeamCountry "ESP"]
[BlackTeamCountry "ESP"]

1. Nf3 Nf6 2. c4 b6 3. g3 Bb7 4. Bg2 g6 5. O-O Bg7 6. Nc3 O-O 7. d4 Ne4 8. Nxe4
Bxe4 9. d5 c6 10. Bh3 Bxf3 11. exf3 d6 12. Re1 cxd5 13. cxd5 Nd7 14. Rb1 Re8
15. f4 Qc7 16. f5 Nf6 17. fxg6 hxg6 18. b3 Qb7 19. Bg2 Rac8 20. Bb2 Rc7 21. Rc1
Rxc1 22. Qxc1 Rc8 23. Qd2 Rc7 24. Rc1 Rxc1+ 25. Bxc1 Qc7 26. Bb2 Ne8 27. Bxg7
Kxg7 28. h4 Nf6 29. Bf3 Qc5 1/2-1/2

[Event "Liga Madrileña - DH 2016-2017"]
[Site "Madrid ESP"]
[Date "2017.02.26"]
[Round "11.14"]
[White "Rabadan Velasco, Raul"]
[Black "Nieto de la Cruz, Julio"]
[Result "0-1"]
[WhiteElo "2230"]
[BlackElo "2144"]
[PlyCount "120"]
[EventDate "2016.11.20"]
[EventType "team-tourn"]
[EventRounds "14"]
[EventCountry "ESP"]
[SourceTitle "Ajedrez en Madrid"]
[Source "lmi"]
[SourceDate "2016.11.20"]
[WhiteTeam "Virgen de Atocha"]
[BlackTeam "Pueblo Nuevo"]
[WhiteTeamCountry "ESP"]
[BlackTeamCountry "ESP"]

1. b3 e5 2. Bb2 Nc6 3. e3 Nf6 4. Bb5 Bd6 5. Na3 O-O 6. Nc4 Qe7 7. Nxd6 Qxd6 8.
Nf3 Re8 9. O-O e4 10. Nd4 Ne5 11. f4 Ng6 12. Be2 Qb6 13. Nb5 a6 14. Bxf6 axb5
15. Bb2 f6 16. a4 bxa4 17. Bc4+ Kh8 18. Qh5 Rf8 19. Bd4 Qc6 20. Rac1 Ne7 21.
Bb5 Qd5 22. Qxd5 Nxd5 23. Ra1 d6 24. bxa4 Be6 25. f5 Bf7 26. Rfb1 h5 27. Be2 c5
28. Bc3 Ra7 29. Bb5 Kh7 30. Rf1 Kh6 31. Bb2 Kg5 32. d3 Nc7 33. dxe4 Nxb5 34.
axb5 Rxa1 35. Rxa1 Bc4 36. Ra7 Rb8 37. b6 Ba6 38. Bc3 Kh6 39. Be1 Kh7 40. Bg3
Rd8 41. Kf2 Kg8 42. Ke1 Kf7 43. Kd2 Ke7 44. e5 dxe5+ 45. Kc3 Kd6 46. e4 Kc6 47.
Rxa6 bxa6 48. Bf2 Kb5 49. h3 Rb8 50. g4 Rxb6 51. gxh5 Kc6 52. Be3 a5 53. h6
gxh6 54. Bxh6 a4 55. Bc1 Rb4 56. h4 Rxe4 57. h5 Rh4 58. h6 Rh3+ 59. Kb2 e4 60.
Bf4 Kd5 0-1

[Event "Liga Madrileña - DH 2016-2017"]
[Site "Madrid ESP"]
[Date "2017.02.26"]
[Round "11.15"]
[White "Barez Menendez, Hector"]
[Black "Vazquez Torres, Adrian"]
[Result "1/2-1/2"]
[WhiteElo "2142"]
[BlackElo "2223"]
[PlyCount "64"]
[EventDate "2016.11.20"]
[EventType "team-tourn"]
[EventRounds "14"]
[EventCountry "ESP"]
[SourceTitle "Ajedrez en Madrid"]
[Source "lmi"]
[SourceDate "2016.11.20"]
[WhiteTeam "Pueblo Nuevo"]
[BlackTeam "Virgen de Atocha"]
[WhiteTeamCountry "ESP"]
[BlackTeamCountry "ESP"]

1. d4 Nf6 2. Nf3 d6 3. g3 g6 4. Bg2 Bg7 5. O-O O-O 6. c4 c6 7. Nc3 Qc7 8. e4
Nbd7 9. h3 e5 10. Be3 Re8 11. Re1 b6 12. Qc2 Bb7 13. Rad1 Rad8 14. Qc1 Qb8 15.
Bh6 a6 16. Bxg7 Kxg7 17. d5 c5 18. Nh4 h6 19. f4 Bc8 20. a4 Nh7 21. Rf1 f6 22.
Rf2 Ndf8 23. Rdf1 Re7 24. Kh2 Rde8 25. b3 Bd7 26. Nd1 Qc8 27. f5 g5 28. Nf3 Qa8
29. Qa1 Rb8 30. Ne3 Be8 31. Rb1 Reb7 32. Bf1 Nd7 1/2-1/2

[Event "Liga Madrileña - DH 2016-2017"]
[Site "Madrid ESP"]
[Date "2017.02.26"]
[Round "11.16"]
[White "Blanco Sanchez, Jose Fernando"]
[Black "Afana, Adham Jj"]
[Result "1/2-1/2"]
[WhiteElo "2025"]
[BlackElo "2080"]
[PlyCount "89"]
[EventDate "2016.11.20"]
[EventType "team-tourn"]
[EventRounds "14"]
[EventCountry "ESP"]
[SourceTitle "Ajedrez en Madrid"]
[Source "lmi"]
[SourceDate "2016.11.20"]
[WhiteTeam "Virgen de Atocha"]
[BlackTeam "Pueblo Nuevo"]
[WhiteTeamCountry "ESP"]
[BlackTeamCountry "ESP"]

1. e4 e6 2. d4 d5 3. Nc3 Nf6 4. Bg5 Be7 5. exd5 Nxd5 6. Bxe7 Qxe7 7. Bd3 O-O 8.
Nge2 Nxc3 9. Nxc3 e5 10. dxe5 Qxe5+ 11. Qe2 Qxe2+ 12. Bxe2 Be6 13. O-O-O c6 14.
Rhe1 Nd7 15. Bc4 Nc5 16. Bxe6 Nxe6 17. Rd7 Rab8 18. Ne4 Rfd8 19. Red1 Rxd7 20.
Rxd7 Kf8 21. Nd6 Rd8 22. Rxd8+ Nxd8 23. Nf5 g6 24. Nd4 Ke7 25. Kd2 Kd6 26. Ke3
a6 27. f4 c5 28. Nf3 f6 29. Nd2 b6 30. Ne4+ Ke6 31. h3 Nc6 32. c3 Ne7 33. g3 h6
34. h4 Nd5+ 35. Kf3 f5 36. Nf2 c4 37. Nd1 b5 38. Ne3 Nxe3 39. Kxe3 Kd5 40. a3
a5 41. Kf3 Kd6 42. Ke3 Kc5 43. Kf3 b4 44. a4 bxc3 45. bxc3 1/2-1/2

[Event "Liga Madrileña - DH 2016-2017"]
[Site "Madrid ESP"]
[Date "2017.02.26"]
[Round "11.41"]
[White "Granda Zuñiga, Julio E"]
[Black "Valles Moreno, Ivan"]
[Result "1-0"]
[WhiteElo "2646"]
[BlackElo "2438"]
[PlyCount "89"]
[EventDate "2016.11.20"]
[EventType "team-tourn"]
[EventRounds "14"]
[EventCountry "ESP"]
[SourceTitle "Ajedrez en Madrid"]
[Source "lmi"]
[SourceDate "2016.11.20"]
[WhiteTeam "Collado Villalba"]
[BlackTeam "Liberty Chess"]

1. d4 Nf6 2. c4 g6 3. f3 e6 4. e4 c5 5. d5 d6 6. Ne2 Bg7 7. Nec3 O-O 8. Be2
exd5 9. cxd5 Nh5 10. O-O f5 11. f4 fxe4 12. Bxh5 gxh5 13. Qxh5 Na6 14. Nxe4 Bf5
15. Ng3 Bd3 16. Rd1 c4 17. Nc3 Nb4 18. Bd2 Qb6+ 19. Kh1 Bg6 20. Qf3 Nd3 21.
Nce4 Rae8 22. Rf1 Qxb2 23. Rab1 Qc2 24. f5 b6 25. h3 Re5 26. Bc3 Rexf5 27. Nxf5
Rxf5 28. Qg3 Bxc3 29. Nxc3 Rxf1+ 30. Rxf1 Qxc3 31. Qxd6 Nf2+ 32. Kg1 Bd3 33.
Qg3+ Qg7 34. Qxg7+ Kxg7 35. Rxf2 c3 36. d6 Bb5 37. Rf3 c2 38. Rc3 Kf6 39. Rxc2
Ke6 40. Rc7 a5 41. Rxh7 Kxd6 42. Kf2 a4 43. Ke3 a3 44. Kd4 Bf1 45. Rh6+ 1-0

[Event "Liga Madrileña - DH 2016-2017"]
[Site "Madrid ESP"]
[Date "2017.02.26"]
[Round "11.42"]
[White "Perez Gonzalez, Jose Manuel"]
[Black "Vazquez Igarza, Renier"]
[Result "1/2-1/2"]
[WhiteElo "2322"]
[BlackElo "2566"]
[PlyCount "118"]
[EventDate "2016.11.20"]
[EventType "team-tourn"]
[EventRounds "14"]
[EventCountry "ESP"]
[SourceTitle "Ajedrez en Madrid"]
[Source "lmi"]
[SourceDate "2016.11.20"]
[WhiteTeam "Liberty Chess"]
[BlackTeam "Collado Villalba"]

1. e4 c5 2. Nf3 e6 3. c3 Nf6 4. e5 Nd5 5. d4 cxd4 6. cxd4 d6 7. Bb5+ Bd7 8.
Bxd7+ Nxd7 9. exd6 Bxd6 10. O-O Rc8 11. Bd2 O-O 12. Nc3 Nxc3 13. bxc3 Qc7 14.
Qb3 Nb6 15. Rab1 Rb8 16. Rfc1 Nc4 17. Be1 Rfc8 18. g3 b5 19. Nd2 Na3 20. Ra1
Qc6 21. Qd1 h6 22. Qf3 Rb6 23. Qxc6 Rbxc6 24. Nb1 Ra6 25. Nxa3 Rxa3 26. Rcb1 a6
27. Rb3 Ra4 28. Kf1 Kf8 29. Ke2 Ke8 30. f4 Kd7 31. Bd2 h5 32. Kd3 g6 33. h4
Rcc4 34. a3 Kc6 35. Bc1 Kd5 36. Bb2 Ra5 37. Re1 Rca4 38. Ra1 Rc4 39. Re1 f6 40.
Rg1 Rca4 41. Ra1 e5 42. fxe5 fxe5 43. Re1 Rc4 44. Rg1 Rc8 45. dxe5 Bxe5 46. g4
Ra4 47. Rb4 Rxb4 48. axb4 Rc4 49. gxh5 gxh5 50. Rg6 Rxh4 51. Rxa6 Rh3+ 52. Kc2
h4 53. c4+ Kxc4 54. Bxe5 Kxb4 55. Rh6 Kc4 56. Kd2 b4 57. Bf6 Rh2+ 58. Ke3 b3
59. Kf3 b2 1/2-1/2

[Event "Liga Madrileña - DH 2016-2017"]
[Site "Madrid ESP"]
[Date "2017.02.26"]
[Round "11.43"]
[White "Moreno Ruiz, Javier"]
[Black "Fernandez Garcia, Miguel Angel"]
[Result "1-0"]
[WhiteElo "2448"]
[BlackElo "2366"]
[PlyCount "65"]
[EventDate "2016.11.20"]
[EventType "team-tourn"]
[EventRounds "14"]
[EventCountry "ESP"]
[SourceTitle "Ajedrez en Madrid"]
[Source "lmi"]
[SourceDate "2016.11.20"]
[WhiteTeam "Collado Villalba"]
[BlackTeam "Liberty Chess"]

1. c4 e6 2. g3 d5 3. Bg2 Nf6 4. Nf3 d4 5. O-O c5 6. b4 cxb4 7. a3 bxa3 8. e3
Nc6 9. Nxa3 Bc5 10. Bb2 O-O 11. Nb5 e5 12. Qb3 a6 13. Nxe5 Nxe5 14. exd4 Be6
15. dxe5 axb5 16. Rxa8 Qxa8 17. Qxb5 Qc8 18. Rc1 Bd7 19. Qb3 Ng4 20. d4 Be7 21.
c5 h5 22. h3 Nh6 23. Bxb7 Qc7 24. Bg2 Rb8 25. Qc3 f6 26. d5 Qxe5 27. Qxe5 fxe5
28. Bxe5 Rc8 29. d6 Nf7 30. Bb7 Nxe5 31. Bxc8 Bxc8 32. dxe7 Kf7 33. e8=Q+ 1-0

[Event "Liga Madrileña - DH 2016-2017"]
[Site "Madrid ESP"]
[Date "2017.02.26"]
[Round "11.44"]
[White "Sanchez Gonzalez, Sergio"]
[Black "Gascon del Nogal, Jose Rafael"]
[Result "1/2-1/2"]
[WhiteElo "2282"]
[BlackElo "2442"]
[PlyCount "70"]
[EventDate "2016.11.20"]
[EventType "team-tourn"]
[EventRounds "14"]
[EventCountry "ESP"]
[SourceTitle "Ajedrez en Madrid"]
[Source "lmi"]
[SourceDate "2016.11.20"]
[WhiteTeam " Liberty Chess"]
[BlackTeam "Collado Villalba"]

1. d4 Nf6 2. c4 g6 3. Nc3 Bg7 4. g3 O-O 5. Bg2 d6 6. Nf3 Nbd7 7. O-O e5 8. dxe5
dxe5 9. Be3 Re8 10. h3 Qe7 11. Qc2 c6 12. Rad1 a5 13. Nd2 Nc5 14. Bxc5 Qxc5 15.
Nde4 Nxe4 16. Nxe4 Qe7 17. Nd6 Rd8 18. Nxc8 Raxc8 19. e3 f5 20. Rd2 e4 21. Rfd1
Kf8 22. Bf1 Rxd2 23. Qxd2 Bf6 24. Qxa5 Bxb2 25. Rb1 Bf6 26. Qa7 Rc7 27. Qb8+
Kg7 28. Rd1 h5 29. h4 Rd7 30. Rxd7 Qxd7 31. c5 Qf7 32. a4 Bc3 33. Qd8 Bf6 34.
Qb8 Bc3 35. Qd8 Bf6 1/2-1/2

[Event "Liga Madrileña - DH 2016-2017"]
[Site "Madrid ESP"]
[Date "2017.02.26"]
[Round "11.45"]
[White "Martin Duque, Jesus"]
[Black "Martin Rueda, Daniel"]
[Result "1/2-1/2"]
[WhiteElo "2312"]
[BlackElo "2292"]
[PlyCount "81"]
[EventDate "2016.11.20"]
[EventType "team-tourn"]
[EventRounds "14"]
[EventCountry "ESP"]
[SourceTitle "Ajedrez en Madrid"]
[Source "lmi"]
[SourceDate "2016.11.20"]
[WhiteTeam "Collado Villalba"]
[BlackTeam "Liberty Chess"]

1. e4 c5 2. Nf3 e6 3. d4 cxd4 4. Nxd4 Nc6 5. Nc3 Qc7 6. Be2 Nf6 7. Be3 Be7 8.
O-O O-O 9. f4 d6 10. Kh1 Nxd4 11. Qxd4 b6 12. Bf3 Bb7 13. Nb5 Qb8 14. c4 a6 15.
Nc3 b5 16. cxb5 axb5 17. Qb4 Bc6 18. e5 Nd5 19. Nxd5 Bxd5 20. Bxd5 exd5 21. b3
Re8 22. Qd4 Qb7 23. Qd2 b4 24. Bd4 Ra6 25. Rfe1 dxe5 26. Rxe5 Rea8 27. Rae1 Bf8
28. Re8 Rxe8 29. Rxe8 Ra8 30. Rxa8 Qxa8 31. g3 Qe8 32. Qe3 Qxe3 33. Bxe3 f5 34.
Kg2 g6 35. Kf3 Kf7 36. Bb6 Ke6 37. Ke3 Kd6 38. Kd4 Bg7+ 39. Kd3 Kc6 40. Ba7 h5
41. Bf2 1/2-1/2

[Event "Liga Madrileña - DH 2016-2017"]
[Site "Madrid ESP"]
[Date "2017.02.26"]
[Round "11.46"]
[White "Suarez Triguero, Jose Alfonso"]
[Black "Ortega Ruiz, Jose Miguel"]
[Result "0-1"]
[WhiteElo "2100"]
[BlackElo "2233"]
[PlyCount "100"]
[EventDate "2016.11.20"]
[EventType "team-tourn"]
[EventRounds "14"]
[EventCountry "ESP"]
[SourceTitle "Ajedrez en Madrid"]
[Source "lmi"]
[SourceDate "2016.11.20"]
[WhiteTeam "Liberty Chess"]
[BlackTeam "Collado Villalba"]

1. e4 e5 2. Bc4 Nf6 3. d3 Nc6 4. Nf3 Be7 5. O-O d6 6. c3 O-O 7. Nbd2 Na5 8. Bb5
a6 9. Ba4 b5 10. Bc2 c5 11. Re1 Nc6 12. Nf1 Re8 13. Ng3 Bf8 14. h3 g6 15. b3 d5
16. Bg5 d4 17. c4 h6 18. Bxf6 Qxf6 19. cxb5 axb5 20. a4 Nb4 21. Qe2 Bd7 22.
Rec1 Ra6 23. Bd1 Rea8 24. Ne1 bxa4 25. bxa4 Bxa4 26. Bxa4 Rxa4 27. Rxa4 Rxa4
28. Qf3 Qxf3 29. gxf3 Ra2 30. Rd1 h5 31. Kf1 Bh6 32. Ne2 Bd2 33. Nc1 Rb2 34.
Ne2 Bg5 35. Ra1 Na2 36. f4 Bxf4 37. Nf3 f6 38. Nxf4 exf4 39. Ke1 Nb4 40. Rd1 g5
41. Kf1 g4 42. hxg4 hxg4 43. Ne1 g3 44. fxg3 fxg3 45. Rc1 Rh2 46. Rd1 Na2 47.
Rb1 Nc3 48. Rb8+ Kg7 49. Kg1 Ne2+ 50. Kf1 Rf2# 0-1

[Event "Liga Madrileña - DH 2016-2017"]
[Site "Madrid ESP"]
[Date "2017.03.05"]
[Round "12.11"]
[White "Solaesa Navalpotro, Luis Julio"]
[Black "Moreno Ibanez, Miguel"]
[Result "1/2-1/2"]
[WhiteElo "2215"]
[BlackElo "2286"]
[PlyCount "102"]
[EventDate "2016.11.20"]
[EventType "team-tourn"]
[EventRounds "14"]
[EventCountry "ESP"]
[SourceTitle "Ajedrez en Madrid"]
[Source "lmi"]
[SourceDate "2016.11.20"]
[WhiteTeam "Moratalaz"]
[BlackTeam "Pueblo Nuevo"]

1. Nf3 Nf6 2. c4 g6 3. Nc3 Bg7 4. g3 O-O 5. Bg2 d6 6. d4 c6 7. O-O Qa5 8. h3
Be6 9. Nd2 Rd8 10. e4 Qb6 11. d5 Bc8 12. Nf3 Na6 13. Qe2 Nc5 14. Be3 Nfd7 15.
Rab1 Qc7 16. Bd4 a5 17. Bxg7 Kxg7 18. Rfe1 e5 19. dxe6 Nxe6 20. Rbd1 Ne5 21.
Kh2 h5 22. Rd2 b6 23. Red1 Bb7 24. b3 Qe7 25. Qe3 Nc5 26. Nd4 f6 27. f4 Nf7 28.
f5 g5 29. Na4 Kg8 30. Nxb6 Rab8 31. Qe2 Ne5 32. Qxh5 Kg7 33. Na4 Rh8 34. Qe2
Nxa4 35. Ne6+ Kf7 36. bxa4 Ba6 37. Rxd6 Bxc4 38. Qd2 Rxh3+ 39. Bxh3 Nf3+ 40.
Kg2 Nxd2 41. R6xd2 Qa3 42. Rd7+ Ke8 43. Bg4 Rb2+ 44. Kh1 Bd5 45. Rd8+ Ke7 46.
exd5 cxd5 47. R8xd5 Rb7 48. Kg2 Qxa4 49. Nc5 Qxg4 50. Nxb7 Qe2+ 51. Kg1 Qe3+
1/2-1/2

[Event "Liga Madrileña - DH 2016-2017"]
[Site "Madrid ESP"]
[Date "2017.03.05"]
[Round "12.12"]
[White "Fernandez Lledo, Javier"]
[Black "Fraga Castro, Jose Carlos"]
[Result "0-1"]
[WhiteElo "2239"]
[BlackElo "2207"]
[PlyCount "46"]
[EventDate "2016.11.20"]
[EventType "team-tourn"]
[EventRounds "14"]
[EventCountry "ESP"]
[SourceTitle "Ajedrez en Madrid"]
[Source "lmi"]
[SourceDate "2016.11.20"]
[WhiteTeam "Pueblo Nuevo"]
[BlackTeam "Moratalaz"]

1. e4 e5 2. Nc3 Bc5 3. Bc4 Nf6 4. d3 d6 5. Be3 Bxe3 6. fxe3 Be6 7. Bxe6 fxe6 8.
Qf3 Nc6 9. O-O-O Qe7 10. d4 exd4 11. exd4 e5 12. Nge2 exd4 13. Nxd4 Ne5 14. Qh3
O-O 15. Nf5 Qd7 16. Qg3 Kh8 17. Rhf1 Rae8 18. Qg5 b5 19. Rde1 c6 20. Rd1 b4 21.
Rxd6 Qf7 22. Nh6 gxh6 23. Qf5 Nxe4 0-1

[Event "Liga Madrileña - DH 2016-2017"]
[Site "Madrid ESP"]
[Date "2017.03.05"]
[Round "12.13"]
[White "Cortes Jurado, Rafael"]
[Black "Baigorri Navarro, Francisco Javier"]
[Result "0-1"]
[WhiteElo "2119"]
[BlackElo "2192"]
[PlyCount "74"]
[EventDate "2016.11.20"]
[EventType "team-tourn"]
[EventRounds "14"]
[EventCountry "ESP"]
[SourceTitle "Ajedrez en Madrid"]
[Source "lmi"]
[SourceDate "2016.11.20"]
[WhiteTeam "Moratalaz"]
[BlackTeam "Pueblo Nuevo"]

1. e4 e5 2. f4 Bc5 3. Nf3 d6 4. Nc3 Nc6 5. Bc4 Nf6 6. d3 Bg4 7. Na4 Nd4 8. Nxc5
dxc5 9. O-O Nxf3+ 10. gxf3 Bh5 11. Be3 exf4 12. Bxc5 Nd7 13. Ba3 Ne5 14. Qe2
Qd7 15. Qg2 O-O-O 16. Bc5 b6 17. Ba6+ Kb8 18. d4 Qc6 19. dxe5 Qxc5+ 20. Kh1
Qxe5 21. Qh3 Bg6 22. b3 f5 23. exf5 Bxf5 24. Qg2 Qa5 25. Bc4 g6 26. a4 Rd2 27.
Qg5 Bxc2 28. Qxf4 Rhd8 29. Bb5 Bxb3 30. Rac1 Rc2 31. Qf6 Qd2 32. Rxc2 Bxc2 33.
Qe7 Kb7 34. Qxh7 a6 35. Bxa6+ Kxa6 36. Qxc7 Qe2 37. Qxd8 Qxf1# 0-1

[Event "Liga Madrileña - DH 2016-2017"]
[Site "Madrid ESP"]
[Date "2017.03.05"]
[Round "12.14"]
[White "Nieto de la Cruz, Julio"]
[Black "Cobo Diego, Fidel"]
[Result "1-0"]
[WhiteElo "2144"]
[BlackElo "2056"]
[PlyCount "67"]
[EventDate "2016.11.20"]
[EventType "team-tourn"]
[EventRounds "14"]
[EventCountry "ESP"]
[SourceTitle "Ajedrez en Madrid"]
[Source "lmi"]
[SourceDate "2016.11.20"]
[WhiteTeam "Pueblo Nuevo"]
[BlackTeam "Moratalaz"]

1. d4 d5 2. Nf3 c6 3. Bf4 Nf6 4. e3 Qb6 5. Qc1 Bf5 6. c4 dxc4 7. Bxc4 e6 8. Nc3
Nbd7 9. Nh4 Be4 10. O-O Be7 11. Nxe4 Nxe4 12. Nf3 O-O 13. Rb1 Rac8 14. b4 a6
15. Qc2 Nef6 16. e4 Qa7 17. Bd3 h6 18. Kh1 Rfe8 19. g4 Nf8 20. Rg1 N6h7 21. h4
Qb6 22. Qd2 Qd8 23. g5 hxg5 24. hxg5 g6 25. Bc4 Nd7 26. Rg4 Bf8 27. Kg2 Bg7 28.
Rh1 Nhf8 29. Rgh4 e5 30. Be3 exd4 31. Bxd4 Ne5 32. Nxe5 Rxe5 33. Bxe5 Qxd2 34.
Rh8+ 1-0

[Event "Liga Madrileña - DH 2016-2017"]
[Site "Madrid ESP"]
[Date "2017.03.05"]
[Round "12.15"]
[White "Gonzalez Rivera, Eduardo"]
[Black "Barez Menendez, Hector"]
[Result "1-0"]
[WhiteElo "2040"]
[BlackElo "2142"]
[PlyCount "93"]
[EventDate "2016.11.20"]
[EventType "team-tourn"]
[EventRounds "14"]
[EventCountry "ESP"]
[SourceTitle "Ajedrez en Madrid"]
[Source "lmi"]
[SourceDate "2016.11.20"]
[WhiteTeam "Moratalaz"]
[BlackTeam "Pueblo Nuevo"]

1. e4 e5 2. Nf3 Nf6 3. d4 d6 4. Nc3 Nbd7 5. Bc4 Be7 6. O-O O-O 7. Qe2 c6 8. a4
b6 9. d5 cxd5 10. Nxd5 Nxd5 11. Bxd5 Rb8 12. Rd1 Qc7 13. Ra3 a5 14. Bg5 Nc5 15.
Bxe7 Qxe7 16. Nd2 Bd7 17. Nc4 Bxa4 18. Nxd6 Bd7 19. Rg3 Kh8 20. Nc4 g6 21. Qd2
Bb5 22. Qc3 Bxc4 23. Qxc4 Rfd8 24. Qe2 Rd6 25. Qe3 Rbd8 26. Re1 Ne6 27. Bxe6
Qxe6 28. Qc3 Rc6 29. Qe3 Rxc2 30. Qh6 Qf6 31. Rf3 Qg7 32. Qg5 Rcd2 33. Qe7 R2d7
34. Qg5 h6 35. Qe3 Rd4 36. Qb3 Rb4 37. Qc3 Kg8 38. h3 Rbd4 39. Qc7 R4d6 40. Rc1
f6 41. Qc4+ Qf7 42. Qb5 Qd7 43. Qc4+ Qf7 44. Qb5 g5 45. Rfc3 Kg7 46. Rc6 Qb7
47. Rc7+ 1-0

[Event "Liga Madrileña - DH 2016-2017"]
[Site "Madrid ESP"]
[Date "2017.03.05"]
[Round "12.16"]
[White "Navarro Nicolas, Victor Manuel"]
[Black "Garcia Ruido, Ricardo"]
[Result "0-1"]
[WhiteElo "2077"]
[BlackElo "2000"]
[PlyCount "74"]
[EventDate "2016.11.20"]
[EventType "team-tourn"]
[EventRounds "14"]
[EventCountry "ESP"]
[SourceTitle "Ajedrez en Madrid"]
[Source "lmi"]
[SourceDate "2016.11.20"]
[WhiteTeam "Pueblo Nuevo"]
[BlackTeam "Moratalaz"]

1. Nf3 d5 2. g3 Nf6 3. Bg2 Bf5 4. c4 c6 5. O-O e6 6. Qb3 Qb6 7. d3 Nbd7 8. Qc2
h6 9. cxd5 exd5 10. Nc3 Be7 11. Be3 Qd8 12. Qb3 Qc8 13. Rac1 O-O 14. Nd4 Bh7
15. Nxd5 Nxd5 16. Bxd5 Nc5 17. Qa3 Qd7 18. b4 Qxd5 19. bxc5 Bf6 20. Qb3 Qd7 21.
Nf3 Rfe8 22. Rc2 Rad8 23. Rb1 Re7 24. Qa4 a6 25. Rb4 Qf5 26. Kg2 Qh5 27. Bd4
Bxd4 28. Rxd4 Rde8 29. Rd8 Rxd8 30. Rc4 Red7 31. Qb4 Qd5 32. Qb6 Qe6 33. Nd2
Qxe2 34. Ne4 Qxd3 35. Nd6 Qd5+ 36. Kg1 Qd1+ 37. Kg2 Bd3 0-1

[Event "Liga Madrileña - DH 2016-2017"]
[Site "Madrid ESP"]
[Date "2017.03.05"]
[Round "12.21"]
[White "Candela Perez, Jose"]
[Black "Granda Zuniga, Julio E"]
[Result "0-1"]
[WhiteElo "2400"]
[BlackElo "2646"]
[PlyCount "104"]
[EventDate "2016.11.20"]
[EventType "team-tourn"]
[EventRounds "14"]
[EventCountry "ESP"]
[SourceTitle "Ajedrez en Madrid"]
[Source "lmi"]
[SourceDate "2016.11.20"]
[WhiteTeam "La Casa del Ajedrez"]
[BlackTeam "Collado Villalba"]

1. d4 Nf6 2. c4 e6 3. Nf3 b6 4. a3 c6 5. Nc3 d5 6. Bg5 Be7 7. e3 O-O 8. Bd3
Nbd7 9. O-O Bb7 10. cxd5 exd5 11. b4 a5 12. Qb3 b5 13. Bxf6 Nxf6 14. e4 dxe4
15. Bxe4 Nxe4 16. Nxe4 Bc8 17. Nc5 Bxc5 18. dxc5 Be6 19. Qc3 Bd5 20. Rfe1 Ra7
21. Rad1 axb4 22. axb4 Re8 23. Nd4 Rae7 24. Nf5 Rxe1+ 25. Rxe1 Rxe1+ 26. Qxe1
Be6 27. Nd6 Qg5 28. h3 h5 29. Kh1 Qf4 30. Kg1 Kh7 31. Qc3 h4 32. Ne8 f6 33. Nd6
Kh6 34. Qe1 Qe5 35. Qd2+ g5 36. Kh1 f5 37. Kg1 Kg6 38. f3 Bd5 39. Qd3 Kf6 40.
Qd2 Bg8 41. Kh1 Be6 42. Ne8+ Kg6 43. Qd8 g4 44. fxg4 fxg4 45. hxg4 h3 46. Qd3+
Kg5 47. Qd2+ Kxg4 48. gxh3+ Kxh3 49. Qh6+ Kg4 50. Qg6+ Kf4 51. Nd6 Bd5+ 52. Kh2
Qe2+ 0-1